<?xml version="1.0" encoding="UTF-8"?>
<collection xmlns="http://www.loc.gov/MARC21/slim">
 <record>
  <leader>04807cam a22003971a 4500</leader>
  <controlfield tag="001">000035472</controlfield>
  <controlfield tag="003">11758</controlfield>
  <controlfield tag="005">20230110153129.0</controlfield>
  <controlfield tag="008">160106s2015                  000   eng</controlfield>
  <datafield tag="040" ind1=" " ind2=" ">
   <subfield code="a">LNN</subfield>
  </datafield>
  <datafield tag="041" ind1=" " ind2=" ">
   <subfield code="a">eng</subfield>
  </datafield>
  <datafield tag="082" ind1=" " ind2=" ">
   <subfield code="a">420.809</subfield>
   <subfield code="b">VU-N</subfield>
  </datafield>
  <datafield tag="100" ind1=" " ind2=" ">
   <subfield code="a">Vũ, Thị Bích Ngọc</subfield>
  </datafield>
  <datafield tag="245" ind1=" " ind2="3">
   <subfield code="a">An investigation into the stylistic devices commonly used in “de men phieu luu ky” and their english translational equivalents in “diary of a cricket” /</subfield>
   <subfield code="c">Vũ Thị Bích Ngọc; Lưu Quý Khương supervisor.</subfield>
  </datafield>
  <datafield tag="260" ind1=" " ind2=" ">
   <subfield code="c">2015</subfield>
   <subfield code="a">ĐHĐN :</subfield>
   <subfield code="b">ĐHĐN.</subfield>
  </datafield>
  <datafield tag="300" ind1=" " ind2=" ">
   <subfield code="a">90tr . : ;</subfield>
   <subfield code="c">30cm+.</subfield>
  </datafield>
  <datafield tag="502" ind1=" " ind2=" ">
   <subfield code="a">Masthesi thesis in social sciences and humanitites.</subfield>
  </datafield>
  <datafield tag="520" ind1=" " ind2=" ">
   <subfield code="a">This thesis focused on identifying and analyzing stylistic devices commonly used in “De men phieu luu ky” by To Hoai and their English translational equivalents in “Diary of a Cricket” by Dang The Binh to discover their similarities and differences of using stylistic devices in two works. The data of the study were collected from “De men phieu luu ky” by To Hoai and “Diary of a Cricket” by Dang The Binh. All of 400 data were described and contrastively analyzed in stylistic aspects with qualitative and quantitative approaches to yield more precise points on stylistic devices used in literary language. On the basis of contrastive analysis, we realized that stylistic devices have a strong effect on the two works and the differences of using them make the meaning change in some cases. This thesis focused on analyzing some stylistic devices commonly used in the two works “De men phieu luu ky” by To Hoai and “Diary of a cricket” by Dang The Binh namely onomatopoeia, simile, metonymy, personification, polysemy, hyperbole, reduplicative, interjections and exclamatory words, stylistic inversion, repetition and enumeration to compare the loss and gain of meaning in the process of stylistic devices translation. With the findings in the two works, some suggestions have been partly proposed to contribute to better teaching, learning English as a foreign language, specifically the awareness of learners in using stylistic devices for interpreting and writing literary works. For teaching, teacher can encourage students to apply as many stylistic devices as possible to beautify their writing. Students should know how to choose and use them properly in each speech act. Moreover, they will know how the writers use stylistic devices to understand deeply the meaningful message which the author wants to convey in literary works.</subfield>
  </datafield>
  <datafield tag="650" ind1=" " ind2=" ">
   <subfield code="a">stylistic devices commonly used in “de men phieu luu ky” and their english translational equivalents in “diary of a cricket”</subfield>
  </datafield>
  <datafield tag="653" ind1=" " ind2=" ">
   <subfield code="a">stylistic devices commonly</subfield>
   <subfield code="a">english translational equivalents</subfield>
  </datafield>
  <datafield tag="700" ind1=" " ind2=" ">
   <subfield code="a">Lưu Quý Khương</subfield>
   <subfield code="e">supervisor.</subfield>
  </datafield>
  <datafield tag="OWN" ind1=" " ind2=" ">
   <subfield code="a">LNN</subfield>
  </datafield>
  <datafield tag="902" ind1=" " ind2=" ">
   <subfield code="a">Luận văn thạc sĩ</subfield>
  </datafield>
  <datafield tag="AVA" ind1=" " ind2=" ">
   <subfield code="a">UDN50</subfield>
   <subfield code="b">LNN</subfield>
   <subfield code="c">English</subfield>
   <subfield code="d">420.809 VU-N</subfield>
   <subfield code="e">available</subfield>
   <subfield code="t">Error 5001 Not defined in file expand_doc_bib_avail.</subfield>
   <subfield code="f">1</subfield>
   <subfield code="g">0</subfield>
   <subfield code="h">N</subfield>
   <subfield code="i">0</subfield>
   <subfield code="j">AN</subfield>
   <subfield code="k">1</subfield>
  </datafield>
  <datafield tag="Z40" ind1="3" ind2=" ">
   <subfield code="y">An investigation into the stylistic devices commonly used in “de men phieu luu ky” and their eng</subfield>
   <subfield code="l">Library of UFL</subfield>
   <subfield code="t">VIEW</subfield>
   <subfield code="x">http://catalog.udn.vn:80/F?func=service&amp;doc_library=UDN01&amp;local_base=UDN01&amp;doc_number=000035472&amp;sequence=000001&amp;line_number=0001&amp;func_code=DB_RECORDS&amp;service_type=MEDIA</subfield>
   <subfield code="f">tomtat_000011866.pdf</subfield>
   <subfield code="e">pdf</subfield>
   <subfield code="s">000579750</subfield>
   <subfield code="k">20210809</subfield>
   <subfield code="m">NTMTHI</subfield>
  </datafield>
  <datafield tag="Z40" ind1="3" ind2=" ">
   <subfield code="y">An investigation into the stylistic devices commonly used in “de men phieu luu ky” and their eng</subfield>
   <subfield code="l">Library of UFL</subfield>
   <subfield code="t">VIEW</subfield>
   <subfield code="x">http://catalog.udn.vn:80/F?func=service&amp;doc_library=UDN01&amp;local_base=UDN01&amp;doc_number=000035472&amp;sequence=000002&amp;line_number=0002&amp;func_code=DB_RECORDS&amp;service_type=MEDIA</subfield>
   <subfield code="f">luanvan_000011868.pdf</subfield>
   <subfield code="e">pdf</subfield>
   <subfield code="s">000907495</subfield>
   <subfield code="k">20210809</subfield>
   <subfield code="m">NTMTHI</subfield>
  </datafield>
  <datafield tag="999" ind1=" " ind2=" ">
   <subfield code="a">From the UDN01</subfield>
  </datafield>
  <datafield tag="AVA" ind1=" " ind2=" ">
   <subfield code="a">UDN50</subfield>
   <subfield code="b">LNN</subfield>
   <subfield code="c">English</subfield>
   <subfield code="d">420.809 VU-N</subfield>
   <subfield code="e">available</subfield>
   <subfield code="t">Error 5001 Not defined in file expand_doc_bib_avail.</subfield>
   <subfield code="f">1</subfield>
   <subfield code="g">0</subfield>
   <subfield code="h">N</subfield>
   <subfield code="i">0</subfield>
   <subfield code="j">AN</subfield>
   <subfield code="k">1</subfield>
  </datafield>
  <datafield tag="TYP" ind1=" " ind2=" ">
   <subfield code="a">Dissertation</subfield>
  </datafield>
  <datafield tag="TYP" ind1=" " ind2=" ">
   <subfield code="a">Monograph</subfield>
  </datafield>
  <datafield tag="TYP" ind1=" " ind2=" ">
   <subfield code="a">Printed language</subfield>
  </datafield>
  <datafield tag="856" ind1=" " ind2=" ">
   <subfield code="y">An investigation into the stylistic devices commonly used in “de men phieu luu ky” and their eng</subfield>
   <subfield code="l">Library of UFL</subfield>
   <subfield code="t">VIEW</subfield>
   <subfield code="x">http://catalog.udn.vn:80/F?func=service&amp;doc_library=UDN01&amp;local_base=UDN01&amp;doc_number=000035472&amp;sequence=000001&amp;line_number=0001&amp;func_code=DB_RECORDS&amp;service_type=MEDIA</subfield>
   <subfield code="f">tomtat_000011866.pdf</subfield>
   <subfield code="e">pdf</subfield>
   <subfield code="s">000579750</subfield>
   <subfield code="k">20210809</subfield>
   <subfield code="m">NTMTHI</subfield>
  </datafield>
  <datafield tag="856" ind1=" " ind2=" ">
   <subfield code="y">An investigation into the stylistic devices commonly used in “de men phieu luu ky” and their eng</subfield>
   <subfield code="l">Library of UFL</subfield>
   <subfield code="t">VIEW</subfield>
   <subfield code="x">http://catalog.udn.vn:80/F?func=service&amp;doc_library=UDN01&amp;local_base=UDN01&amp;doc_number=000035472&amp;sequence=000002&amp;line_number=0002&amp;func_code=DB_RECORDS&amp;service_type=MEDIA</subfield>
   <subfield code="f">luanvan_000011868.pdf</subfield>
   <subfield code="e">pdf</subfield>
   <subfield code="s">000907495</subfield>
   <subfield code="k">20210809</subfield>
   <subfield code="m">NTMTHI</subfield>
  </datafield>
  <datafield tag="980" ind1=" " ind2=" ">
   <subfield code="a">Mạng thư viện Đại học Đà Nẵng</subfield>
  </datafield>
 </record>
</collection>
